The impact of technology on poverty alleviation (Record no. 6971)

MARC details
000 -LEADER
fixed length control field 00455nam a22001337a 4500
008 - FIXED-LENGTH DATA ELEMENTS--GENERAL INFORMATION
fixed length control field 200408b ||||| |||| 00| 0 eng d
020 ## - INTERNATIONAL STANDARD BOOK NUMBER
International Standard Book Number 0856-41815
100 ## - MAIN ENTRY--PERSONAL NAME
Personal name MUTAGWABA, Wilson
245 ## - TITLE STATEMENT
Title The impact of technology on poverty alleviation
Remainder of title The case of artisanal mining in Tanzania
Statement of responsibility, etc. Wilson Mutagwala at...al
Medium English
260 ## - PUBLICATION, DISTRIBUTION, ETC. (IMPRINT)
Place of publication, distribution, etc. Drar Es Salaam
Name of publisher, distributor, etc. Research on Poverty Alleviation
Date of publication, distribution, etc. 1997
300 ## - PHYSICAL DESCRIPTION
Extent 74p.
Dimensions 27cm
650 ## - SUBJECT ADDED ENTRY--TOPICAL TERM
Source of heading or term Repoa
942 ## - ADDED ENTRY ELEMENTS (KOHA)
Source of classification or shelving scheme Dewey Decimal Classification
Koha item type BOOKS
Holdings
Withdrawn status Lost status Source of classification or shelving scheme Damaged status Not for loan Home library Current library Date acquired Total Checkouts Barcode Date last seen Price effective from Koha item type
    Dewey Decimal Classification     Mwanza Mwanza 08/04/2020   10000002703 08/04/2020 08/04/2020 BOOKS

IRDP © 2021 :: Managed by ICT Team